[Event "IV Copa Marcel Duchamp 2020"]
[Site "Montevideo"]
[Date "2020.02.11"]
[Round "5.1"]
[White "Vazquez, Guillermo"]
[Black "Hernandez Guerrero, Gilberto"]
[Result "1/2-1/2"]
[WhiteElo "2524"]
[BlackElo "2557"]
[Annotator "TA"]
[PlyCount "110"]
[EventDate "2020.02.08"]
[EventType "swiss"]
[EventCountry "URU"]
[SourceTitle "playchess.com"]
[Source "ChessBase"]
[SourceQuality "1"]

{[%evp 11,110,25,29,19,27,18,16,15,17,4,22,0,0,0,10,0,0,0,0,0,0,0,25,16,10,13,20,18,12,10,22,34,48,51,62,10,31,32,34,20,16,6,11,0,0,0,0,-3,0,0,0,0,0,0,7,0,0,0,0,0,0,0,0,0,5,5,2,6,4,0,0,0,3,0,0,0,0,0,0,0,0,0,0,0,0,0,0,0,0,0,0,0,0,0,0,0,0,0,0,0,0]} 1. e4 c5 2. Nf3 Nc6 3. Bb5 e6 4. O-O Nge7 5. Re1 Ng6 6. c3 d5 7. exd5 {B30: Sicilian: 2...Nc6 3 Bb5, lines without ...g6.} Qxd5 8. d4 cxd4 9. Nxd4 Bd7 {[#]} 10. Bf1 $146 (10. Qb3 {keeps more tension.} Qxb3 11. Nxb3 Be7 12. Be3 O-O 13. Rd1) ({Predecessor:} 10. Bd3 Qd6 11. Nf5 Qc7 12. Na3 a6 13. Be3 Nce5 14. Bd4 O-O-O 15. Ng3 Nxd3 16. Qxd3 {½-½ (31) Vazquez,G (2495)-Felgaer,R (2559) Caioba 2019}) 10... Be7 11. Nb5 {[#] Strongly threatening Nc7+.} Qxd1 $1 12. Rxd1 {aiming for Nc7+.} O-O-O 13. N1a3 Kb8 14. Be3 e5 15. Nc4 Be6 16. a4 f5 (16... f6 {looks sharper.} 17. Re1 Nh4 18. f3 Nf5 19. Bf2 g5) 17. f3 Rxd1 18. Rxd1 a6 19. Nba3 $1 Rd8 20. Re1 Bh4 21. g3 Bf6 22. Bc5 Rd5 23. Bf2 (23. Bd6+ $14 Ka7 24. b4) 23... Nge7 24. b4 Nc8 25. b5 axb5 {The position is equal.} 26. axb5 Nd8 27. Nb6 Nxb6 28. Bxb6 Nf7 29. Be3 Be7 30. Nc2 g6 31. Nb4 Rd7 32. Nd3 Bd6 33. Nc5 Bxc5 $1 34. Bxc5 Rc7 35. Bb4 Bc4 36. Ba5 Rc8 37. Rd1 Bxf1 38. Kxf1 $11 {[%mdl 4096] Endgame KRB-KRN} Rc5 39. Rd7 Ng5 40. Ke2 {With the idea Bb6.} Rxb5 41. Bb4 Kc8 42. Rg7 e4 43. fxe4 Re5 44. Bd6 Rxe4+ 45. Kd3 b5 46. h4 Re6 47. Bf4 Ne4 48. Rc7+ Kd8 49. Rxh7 Rc6 50. Kd4 Rc4+ 51. Ke5 Rxc3 52. Rb7 Nxg3 53. Bxg3 Rxg3 54. Rxb5 Rg4 {[#]} 55. h5 $1 {[%mdl 512]} gxh5 {Accuracy: White = 97%, Black = 98%.} 1/2-1/2

[Event "IV Copa Marcel Duchamp 2020"]
[Site "Montevideo"]
[Date "2020.02.11"]
[Round "5.2"]
[White "Tristan, Leonardo"]
[Black "Acosta, Pablo Ismael"]
[Result "0-1"]
[WhiteElo "2533"]
[BlackElo "2416"]
[Annotator "TA"]
[PlyCount "128"]
[EventDate "2020.02.08"]
[EventType "swiss"]
[EventCountry "URU"]
[SourceTitle "playchess.com"]
[Source "ChessBase"]
[SourceQuality "1"]

{[%evp 9,128,20,41,37,33,6,12,11,14,6,4,-10,-25,-13,-19,-22,-7,0,0,-191,-186,-195,-184,-194,-156,-161,-132,-146,-108,-118,-112,-111,-111,-506,-484,-498,-449,-478,-243,-243,-243,-231,-245,-253,-242,-249,-222,-206,-228,-305,-277,-393,-337,-426,-457,-450,-467,-414,-291,-269,-267,-244,-195,-302,-301,-540,-503,-762,-762,-762,-755,-742,-704,-658,-306,-306,-306,-306,-306,-877,-323,-966,-956,-947,-799,-954,-929,-900,-875,-843,-833,-816,-808,-974,-936,-4132,-2018,-7001,-5540,-29947,-6112,-29971,-29974,-29968,-29974,-29978,-29978,-29978,-29979,-29979,-29980,-29980,-29981,-29981,-29982,-29982,-29982,-29982,-29983,-29988,-29989]} 1. d4 e6 2. e4 d5 3. exd5 exd5 4. Nf3 Be7 5. Bd3 Bg4 6. h3 {C01: French: Exchange Variation.} Bh5 {[#]} 7. g4 $146 ({Predecessor:} 7. Bf4 Nf6 8. O-O O-O 9. Nbd2 c6 10. c3 Bd6 11. Bxd6 Qxd6 12. Qb3 Qc7 13. Rfe1 {0-1 (61) Mickunaite,A (1105)-Versekenaite,G (1308) Vilnius 2019}) 7... Bg6 8. Ne5 {The position is equal.} Nf6 9. Nc3 O-O 10. Nxg6 fxg6 11. g5 Nh5 12. Qg4 Bb4 13. O-O Nc6 14. f4 $2 (14. a3 $11 {and White stays safe.} Ba5 15. Rb1) 14... Nxd4 $19 15. f5 Qd6 16. Kg2 Rae8 (16... Nxf5 17. Rxf5 Bc5 18. Bd2 $15) 17. Bd2 {White wants to play Nb5.} Nxf5 18. Bxf5 Rxf5 19. Rxf5 gxf5 20. Qxh5 {[#]} Qc6 $1 21. Nb1 $2 {[%mdl 8192]} (21. Qf3 $17 d4 22. Qxc6 bxc6 23. Rf1 dxc3 24. bxc3 Re2+ 25. Rf2 Rxf2+ 26. Kxf2 Bc5+ 27. Kf3) 21... d4+ 22. Kf2 Bc5 23. b4 d3+ (23... Bb6 $142 {Threatens to win with ...d3+.} 24. Kg3 d3) 24. bxc5 {Hoping for Nc3.} Re2+ ({Worse is} 24... Qxc5+ 25. Kf1 $11) 25. Qxe2 dxe2 26. Nc3 Qxc5+ 27. Kxe2 Qe5+ 28. Kf3 Qh2 {[%mdl 1088] Double Attack. Black has strong compensation.} 29. Rd1 Qxh3+ 30. Kf4 (30. Kf2 {keeps fighting.}) 30... Kf7 31. Ke5 {[#]} b5 $1 {[%mdl 512]} 32. a3 (32. Nxb5 Qg3+) 32... a6 {[%cal Ba7a6,Ba6a5,Ba5b4][%mdl 32]} 33. Be1 Qh2+ 34. Kxf5 Qxc2+ 35. Kf4 Kg6 36. Ke3 (36. Rd5 {only move.}) 36... a5 ({Don't play} 36... Kxg5 37. Ne4+ Kg6 38. Rd3 $17) 37. Bd2 $2 (37. Rb1 c6 38. Bd2) 37... b4 38. axb4 (38. Rc1 $142 Qb3 39. axb4 axb4 {[%mdl 64] Pin} 40. Kd4 bxc3 41. Rxc3 Qb4+ 42. Kd3) 38... axb4 39. Rc1 Qb3 {[%mdl 64] Pin} 40. Ke4 Qe6+ 41. Kd3 c5 (41... Qd7+ $142 42. Ke2 bxc3 43. Rxc3 Qb5+ 44. Ke1 c5) 42. Ne4 Qb3+ ({Don't do} 42... Qd5+ 43. Ke3 $19) 43. Ke2 {[#]} c4 $1 {...Qd3+ is the strong threat.} 44. Nc3 $2 (44. Nc5 Qa2 45. Ne4) 44... Qa3 $2 (44... bxc3 45. Rxc3 Qb5) 45. Ke1 $2 (45. Nd1 Qd3+ 46. Ke1) 45... bxc3 46. Rxc3 {[%mdl 4096] Endgame KQ-KRB} Qe7+ 47. Kf2 Qd7 48. Ke2 Qg4+ 49. Kf2 Kf5 50. Rf3+ Ke4 51. Re3+ Kd5 52. Rc3 h5 53. gxh6 gxh6 54. Rg3 Qf5+ 55. Rf3 Qc2 {Black mates.} 56. Ke1 h5 57. Rh3 Qb1+ 58. Ke2 Qe4+ 59. Kf2 Qf5+ 60. Rf3 Qc2 61. Ke2 h4 62. Ke1 Qg6 63. Kf2 Qg4 64. Bf4 Ke4 {Accuracy: White = 50%, Black = 82%.} 0-1

[Event "IV Copa Marcel Duchamp 2020"]
[Site "Montevideo"]
[Date "2020.02.11"]
[Round "5.3"]
[White "Hoffman, Alejandro"]
[Black "Lima, Darcy"]
[Result "1/2-1/2"]
[WhiteElo "2472"]
[BlackElo "2526"]
[Annotator "TA"]
[PlyCount "27"]
[EventDate "2020.02.08"]
[EventType "swiss"]
[EventCountry "URU"]
[SourceTitle "playchess.com"]
[Source "ChessBase"]
[SourceQuality "1"]

{[%evp 13,27,31,38,25,47,41,35,0,0,0,0,0,0,0,0,0]} 1. d4 d6 2. e4 Nf6 3. f3 e5 4. dxe5 dxe5 5. Qxd8+ Kxd8 6. Bc4 Ke8 7. Be3 Nbd7 8. a4 {B07: Pirc Defence: Miscellaneous Systems.} a5 9. Nd2 Bc5 10. Kf2 {White is slightly better.} Bxe3+ {The position is equal.} 11. Kxe3 Nc5 {[#]} 12. Nb3 $146 ({Predecessor:} 12. Ne2 Ke7 13. h3 c6 14. Rhd1 Nfd7 15. b3 Nb6 16. Ng3 Be6 17. Bxe6 Kxe6 18. f4 exf4+ 19. Kxf4 {1-0 (46) Rodriguez Vila,A (2522)-Saldano Dayer,H (2433) Buenos Aires 2010}) 12... Nfd7 13. Nxc5 Nxc5 14. Ne2 1/2-1/2

[Event "IV Copa Marcel Duchamp 2020"]
[Site "Montevideo"]
[Date "2020.02.11"]
[Round "5.4"]
[White "Roselli Mailhe, Bernardo"]
[Black "Hungaski, Robert"]
[Result "1/2-1/2"]
[WhiteElo "2433"]
[BlackElo "2504"]
[Annotator "TA"]
[PlyCount "43"]
[EventDate "2020.02.08"]
[EventType "swiss"]
[EventCountry "URU"]
[SourceTitle "playchess.com"]
[Source "ChessBase"]
[SourceQuality "1"]

{[%evp 21,43,0,0,0,0,0,6,4,8,4,4,0,0,0,8,0,0,0,8,11,17,17,17,-14]} 1. d4 Nf6 2. c4 e6 3. Nf3 d5 4. Nc3 dxc4 5. e3 a6 6. a4 c5 7. Bxc4 Nc6 8. O-O Qc7 9. Qe2 Be7 10. dxc5 Bxc5 11. Bd2 $1 {[%mdl 4] is more profitable than 11.e4.} O-O {The position is equal.} 12. Rfc1 {[#] D27: Queen's Gambit Accepted: Classical main line: 7 e4!? and 7 a4.} h6 $146 ({Predecessor:} 12... Rd8 13. Na2 Qe7 14. Rab1 a5 15. Bb5 Bd7 16. Qc4 Bd6 17. Qh4 Ne5 {½-½ (17) Galego,L (2487)-Lazarev,V (2417) Famalicao 2017}) 13. Bd3 Qe7 14. Ne4 Nxe4 15. Bxe4 Bd7 16. Qc4 Bd6 17. Bc3 Rfc8 18. Rd1 {[#] aiming for Qd3.} Be8 19. Qb3 a5 20. h3 Bc5 21. Rac1 Nb4 22. Bd4 {Accuracy: White = 89%, Black = 100%.} 1/2-1/2

[Event "IV Copa Marcel Duchamp 2020"]
[Site "Montevideo"]
[Date "2020.02.11"]
[Round "5.5"]
[White "Delgado Ramirez, Neuris"]
[Black "Muniz, Rafael"]
[Result "1-0"]
[WhiteElo "2634"]
[BlackElo "2232"]
[Annotator "TA"]
[PlyCount "59"]
[EventDate "2020.02.08"]
[EventType "swiss"]
[EventCountry "URU"]
[SourceTitle "playchess.com"]
[Source "ChessBase"]
[SourceQuality "1"]

{[%evp 10,59,33,19,19,22,52,50,52,45,66,62,107,76,134,125,139,128,149,129,143,158,166,149,222,171,210,212,228,236,228,222,370,372,370,365,460,466,556,549,512,539,510,541,503,501,478,366,377,353,927,930]} 1. e4 c5 2. Nf3 d6 3. d4 cxd4 4. Nxd4 Nf6 5. Nc3 a6 6. Nb3 e6 {B90: Sicilian Najdorf: Unusual White 6th moves, 6 Be3 Ng4 and 6 Be3 e5.} 7. g4 d5 8. exd5 {[#]} Nxd5 $146 {White is slightly better.} ({Predecessor:} 8... Bb4 9. Bd2 Nxd5 10. Ne4 Be7 11. Qf3 O-O 12. O-O-O Qc7 13. Kb1 b5 14. Qg3 Qb6 {0-1 (46) Thavandiran,S (2375)-Paragua,M (2521) Philadelphia 2017}) 9. Nxd5 exd5 10. Bg2 Bd6 11. Qe2+ Be7 (11... Qe7 $142) 12. Be3 $16 Nc6 13. O-O-O O-O 14. Kb1 ({Resist} 14. Rxd5 $6 Qc7 $16) 14... a5 15. Bxd5 Qc7 16. Nd4 Nb4 (16... Bf6 $16 17. h3 Bxd4) 17. Bg2 $18 Bf6 18. a3 Nc6 19. Nb5 Qe7 20. h4 a4 (20... Re8 $142 21. g5 Be5) 21. g5 Be5 22. Rhe1 Be6 23. f4 Bb8 24. Qf2 Rd8 25. Rxd8+ Qxd8 26. Bb6 Qd7 27. f5 Bc4 28. Qd2 Qc8 29. Bd5 Ne5 $2 {[#]} (29... Bxd5 30. Qxd5 Bg3) 30. Bxb7 $1 {[%mdl 576] Double Attack. Black did not feel at home in the position after the opening. Accuracy: White = 96%, Black = 48%.} 1-0

[Event "IV Copa Marcel Duchamp 2020"]
[Site "Montevideo"]
[Date "2020.02.11"]
[Round "5.6"]
[White "Rodriguez Vila, Andres"]
[Black "Shtemler, Lavi"]
[Result "1-0"]
[WhiteElo "2492"]
[BlackElo "2199"]
[Annotator "TA"]
[PlyCount "79"]
[EventDate "2020.02.08"]
[EventType "swiss"]
[EventCountry "URU"]
[SourceTitle "playchess.com"]
[Source "ChessBase"]
[SourceQuality "1"]

{[%evp 9,79,-14,-4,-15,35,-21,0,-16,-6,-2,0,8,39,29,68,6,69,62,73,63,66,31,25,35,40,45,44,29,31,19,22,6,102,90,122,59,67,82,110,58,134,141,131,106,102,97,138,92,97,89,92,0,56,52,115,106,106,110,105,99,151,143,471,404,549,536,746,742,737,721,1109,1105]} 1. e4 c5 2. Nc3 Nc6 3. Nge2 g6 4. d3 Bg7 5. Be3 d6 6. Qd2 {B23: Closed Sicilian: Lines without g3.} Rb8 7. h3 ({White should play} 7. d4 $14) 7... Qa5 8. g4 {The position is equal.} Nd4 {[#] aiming for ...Nf3+.} 9. Bg2 $146 ({Predecessor:} 9. Nxd4 cxd4 10. Nd5 Qd8 11. Bg5 f6 12. Bf4 e6 13. Qb4 exd5 14. Bxd6 Ra8 15. O-O-O Qb6 16. Qa3 Qa6 17. Qb4 Qb6 18. Qa3 Qa6 19. Qb4 Qb6 {½-½ (19) Muskardin,M (2248)-Yrjola,J (2366) Pula 2014}) 9... Nxe2 10. Kxe2 b5 11. a3 e6 12. f4 (12. d4 $14) 12... Ne7 (12... Qc7 $1 $11) 13. e5 $14 dxe5 14. Bxc5 Bb7 15. Ne4 Qxd2+ 16. Kxd2 Nc8 17. fxe5 Bxe5 {Black wants to play ...f5.} 18. d4 Bf4+ 19. Ke2 f5 20. Rhf1 $36 {[%mdl 2048] White has good play.} Bg5 (20... Bc7 $11 21. Nf6+ Kf7 22. Bxb7 Rxb7) 21. Nxg5 $16 Bxg2 22. Rf2 ({Reject} 22. Nxe6 $6 Bxf1+ 23. Rxf1 fxg4 $11) (22. Rfe1 $16) 22... Bd5 $14 23. Re1 a5 24. b3 (24. Kd2 $16 {Black must now prevent gxf5.} Kd7 25. Rfe2) 24... a4 ({Black should try} 24... h6 $14 25. Nf3 Nb6) 25. bxa4 $16 {And now Kd3 would win.} bxa4 26. Kd2 Kd7 27. Nf7 Re8 28. Ne5+ Kc7 29. Bb4 Nd6 {[#]} 30. Kc1 ({Better is} 30. Kd3 $1 $16) 30... Ne4 (30... Nc4 $11) 31. Rh2 Nd6 (31... Rbc8 $14) 32. c4 Be4 33. Rb2 Rg8 34. Ree2 Rb7 {[#]} (34... Nb7 $142 35. Kd2 Ra8) 35. c5 $1 {[%cal Rc5d6]} Nb5 $2 {[%mdl 8192]} (35... Nc8 $16 {is more resistant.} 36. Ba5+ Kb8 37. Nd7+ Ka7) 36. Ba5+ Kb8 37. c6 {White is clearly winning.} Rc8 {[#]} 38. Rxe4 $1 {[%mdl 512]} fxe4 39. Kd2 Nxd4 40. Nd7+ {Accuracy: White = 74%, Black = 38%.} 1-0

[Event "IV Copa Marcel Duchamp 2020"]
[Site "Montevideo"]
[Date "2020.02.11"]
[Round "5.7"]
[White "Diaz Hollemaert, Nahuel"]
[Black "Dominguez, Facundo"]
[Result "1/2-1/2"]
[WhiteElo "2450"]
[BlackElo "2135"]
[Annotator "TA"]
[PlyCount "99"]
[EventDate "2020.02.08"]
[EventType "swiss"]
[EventCountry "URU"]
[SourceTitle "playchess.com"]
[Source "ChessBase"]
[SourceQuality "1"]

{[%evp 20,99,36,17,31,16,93,57,53,49,76,73,74,75,77,37,34,-10,-8,-35,-16,-25,0,0,0,0,-4,-3,0,0,0,-11,0,-12,-3,-11,-11,-31,8,3,8,-62,-89,-71,-84,-120,-122,-157,-157,-171,-177,-211,-180,-181,-151,-257,-244,-221,-249,-227,-220,-186,-195,-164,-95,-79,0,0,0,0,24,3,64,8,8,8,14,0,0,0,8,-33]} 1. Nf3 Nf6 2. c4 c5 3. Nc3 Nc6 4. d4 cxd4 5. Nxd4 g6 6. Nc2 Bg7 7. g3 O-O 8. Bg2 d6 9. O-O Be6 10. b3 Qd7 11. Re1 Rfd8 {A38: Symmetrical English vs ...g6: 4 Bg2 Bg7 5 Nf3 Nf6.} 12. e4 {[#]} Qe8 $146 (12... Bh3 $11 {keeps the balance.}) ({Predecessor:} 12... Ne5 13. Rb1 Bh3 14. Ne3 Nfg4 15. Ncd5 Bxg2 16. Kxg2 Nxe3+ 17. Bxe3 e6 18. Nf4 b5 19. Nd3 bxc4 20. Nxe5 Bxe5 21. bxc4 {½-½ (33) Arkell,K (2442)-Hebden,M (2427) South Normanton 2019}) 13. Bg5 h6 {White is slightly better.} 14. Bd2 Rac8 15. Rc1 Nd7 16. Nd5 Nc5 {Threatening ...Nd3.} 17. Be3 Ne5 18. Nf4 Bd7 19. Rb1 b6 20. f3 b5 21. cxb5 Bxb5 22. Nd4 Ba6 23. Bf1 Bxf1 24. Rxf1 Qd7 25. Qd2 Kh7 26. Rbd1 Qb7 27. Qa5 Rb8 28. Rf2 Nxe4 29. fxe4 {[#] Black must now prevent Qd5.} Ng4 $1 {[%cal Rg4e3]} 30. Ng2 ({White should play} 30. Re2 $11 e5 31. Nde6 fxe6 32. Nxe6) 30... Nxf2 $15 31. Bxf2 Qxe4 32. Re1 Qb7 33. h4 e5 $36 {[%mdl 2048] Black is really pushing.} 34. Ne2 d5 35. Nc3 f5 36. h5 g5 37. Qxa7 (37. Ne3 $17 {keeps fighting.} d4 {[%mdl 64] Double Attack} 38. Nxf5 dxc3 39. Nxg7 Qxg7 40. Qxc3) 37... d4 $19 38. Qxb7 Rxb7 39. Na4 e4 {[%mdl 1024] Black has strong compensation.} 40. Nc5 Re7 41. Rd1 Ra8 (41... Rc8 $19 42. b4 e3) 42. a4 $17 e3 (42... Rb8 $17) 43. Be1 $11 Rf8 44. Nd3 {Threatens to win with Bb4.} Rc7 45. a5 Rb8 ({Black should try} 45... f4 $11 46. gxf4 Kg8) 46. Bb4 (46. b4 $1 $14) 46... Rcb7 {The position is equal.} 47. Bc5 {And now b4 would win.} Rxb3 48. Nge1 Ra8 49. Bb6 Bf6 50. Nc5 {Accuracy: White = 65%, Black = 81%.} 1/2-1/2

[Event "IV Copa Marcel Duchamp 2020"]
[Site "Montevideo"]
[Date "2020.02.11"]
[Round "5.8"]
[White "Garcia Palermo, Carlos"]
[Black "Curi, Gabriel"]
[Result "1-0"]
[WhiteElo "2434"]
[BlackElo "2132"]
[Annotator "TA"]
[PlyCount "69"]
[EventDate "2020.02.08"]
[EventType "swiss"]
[EventCountry "URU"]
[SourceTitle "playchess.com"]
[Source "ChessBase"]
[SourceQuality "1"]

{[%evp 18,69,18,16,26,27,28,23,28,26,29,9,26,31,47,27,31,19,38,27,36,38,36,34,34,24,32,33,39,48,46,28,57,20,156,152,367,367,369,364,492,496,597,585,577,570,971,971,968,964,947,953,943,943]} 1. d4 d5 2. Nf3 Nf6 3. c4 c6 4. e3 e6 5. Bd3 Nbd7 6. Nbd2 Bd6 7. O-O O-O 8. e4 e5 9. cxd5 cxd5 10. Re1 h6 {D05: Colle System with ...e6.} 11. exd5 {[%cal Rd4e5]} exd4 12. Nc4 Nb6 {White has an edge.} 13. Nxd6 Qxd6 {[#]} 14. Be2 $146 ({Predecessor:} 14. Nxd4 Nbxd5 15. Bf1 Rd8 16. Nb5 Qb6 17. Qf3 Bd7 18. Nc3 Bc6 19. Nxd5 Rxd5 20. b3 Re5 21. Qc3 Ng4 22. Be3 Nxe3 23. Qxe5 {½-½ (23) Onischuk,A (2685)-Duda,J (2697) Khanty-Mansiysk 2017}) 14... d3 15. Qxd3 Qxd5 16. Qxd5 Nbxd5 17. Bd2 Ne4 18. Ba5 b6 19. Bc4 Nef6 20. Bd2 Bb7 21. Ne5 Rac8 22. f3 Rc7 23. b3 {[%cal Bb2b3,Bb3c4][%mdl 32]} Bc8 24. a4 Be6 25. g4 Nd7 {[#]} (25... Rd8 $11 {remains equal.}) 26. Ng6 $1 $16 {[%mdl 512] Strongly threatening Bxd5.} Rxc4 $2 (26... Rd8 $16) (26... fxg6 27. Rxe6) 27. bxc4 $18 fxg6 28. Rxe6 Nf4 29. Re7 {White is clearly winning.} Nc5 30. Bxf4 Rxf4 31. a5 Nb3 {[#]} 32. axb6 $1 {[%mdl 512]} axb6 33. Ra8+ Rf8 34. Raa7 Rxf3 35. Rxg7+ {[%mdl 64] Double Attack. Accuracy: White = 95%, Black = 59%.} 1-0

[Event "IV Copa Marcel Duchamp 2020"]
[Site "Montevideo"]
[Date "2020.02.11"]
[Round "5.9"]
[White "Soto, Nicolas"]
[Black "Liascovich, Lucas"]
[Result "0-1"]
[WhiteElo "2002"]
[BlackElo "2425"]
[Annotator "TA"]
[PlyCount "50"]
[EventDate "2020.02.08"]
[EventType "swiss"]
[EventCountry "URU"]
[SourceTitle "playchess.com"]
[Source "ChessBase"]
[SourceQuality "1"]

{[%evp 14,52,7,13,23,12,22,2,29,8,8,-14,-14,-11,-12,-43,-45,-60,-52,-84,-74,-85,-89,-144,-141,-127,-138,-305,-308,-541,-527,-550,-546,-736,-659,-651,-687,-676,-630,-1072,-1016]} 1. e4 e5 2. Nf3 Nc6 3. Bb5 g6 4. O-O Bg7 5. c3 a6 6. Ba4 Nge7 7. d3 O-O 8. Nbd2 d6 {C60: Ruy Lopez: Unusual Black 3rd moves and 3...g6.} 9. Re1 h6 10. Nf1 f5 {The position is equal.} 11. h3 {[#]} Kh8 $146 ({Predecessor:} 11... f4 12. d4 Kh7 13. dxe5 Nxe5 14. Nxe5 Bxe5 15. Nh2 g5 16. Bd2 Ng6 17. b4 Qf6 {0-1 (32) Renteria Becerra,J (2264)-Campos Moreno,J (2412) Castell de Sant Ferran 2016}) 12. N3h2 f4 13. Nf3 g5 $36 {[%mdl 2048] Black has some pressure.} 14. N1h2 Qe8 $1 15. d4 Qg6 16. dxe5 dxe5 17. Qe2 h5 18. Bc2 ({White should play} 18. g4) 18... Bf6 19. Kh1 g4 20. Nd4 $2 (20. Nd2 $17) 20... gxh3 $19 {[%csl Gh3][%cal Rg6g2] [#]} ({Don't do} 20... exd4 21. e5 $19) 21. g3 $2 (21. Rg1 Rg8 22. g4 hxg4 23. Nxc6 Nxc6 24. Bd2) 21... fxg3 {Black is clearly winning.} 22. fxg3 exd4 23. e5 Bf5 24. exf6 d3 25. Qf3 {[#]} Rxf6 {Played: d3-d2} 0-1

[Event "IV Copa Marcel Duchamp 2020"]
[Site "Montevideo"]
[Date "2020.02.11"]
[Round "5.10"]
[White "Mussanti, Diego"]
[Black "Munoz Perez, Rolando"]
[Result "0-1"]
[WhiteElo "2330"]
[BlackElo "2130"]
[Annotator "TA"]
[PlyCount "52"]
[EventDate "2020.02.08"]
[EventType "swiss"]
[EventCountry "URU"]
[SourceTitle "playchess.com"]
[Source "ChessBase"]
[SourceQuality "1"]

{[%evp 18,52,10,10,10,10,1,5,5,12,11,-32,13,15,22,18,8,0,2,-56,2,0,4,-14,0,-13,13,-15,0,-11,-18,-226,-210,-682,-676,-662,-668]} 1. e4 e5 2. Nf3 d6 3. d4 Nf6 4. Nc3 Nbd7 5. Bc4 Be7 6. O-O O-O 7. Re1 c6 8. a4 b6 9. d5 cxd5 10. Nxd5 Nxd5 {C41: Philidor Defence.} 11. Bxd5 Rb8 12. b3 Nf6 {The position is equal.} 13. Bc4 Bb7 14. Qd3 Qc7 (14... Nxe4 $5 15. Rxe4 d5 16. Rxe5 dxc4 {[%mdl 64] Discovered Attack} 17. Qxd8 Bxd8 $15) 15. Bg5 Nh5 16. Bxe7 Qxe7 17. g3 Nf6 18. a5 (18. Nd2 $11) 18... Bc6 ({Black should try} 18... b5 $15 19. Bd5 Bxd5 20. exd5 Qc7) 19. axb6 $11 axb6 20. b4 g6 21. Nd2 Kg7 22. Ra6 Qc7 23. f3 Rfd8 24. Qc3 $2 {[#]} (24. Qe3 $11) 24... Bb5 $1 $19 {[%cal Rb5a6][%mdl 576] Pin} 25. Qb3 $2 (25. Ra7 Qxa7 26. Bxb5) (25. Bxb5 Qxc3) 25... Bxa6 26. Bxa6 b5 {Accuracy: White = 52%, Black = 80%.} 0-1

[Event "IV Copa Marcel Duchamp 2020"]
[Site "Montevideo"]
[Date "2020.02.11"]
[Round "5.11"]
[White "De Dovitiis, Alejo"]
[Black "Guerrero, Alvaro"]
[Result "0-1"]
[WhiteElo "2314"]
[BlackElo "2094"]
[Annotator "TA"]
[PlyCount "34"]
[EventDate "2020.02.08"]
[EventType "swiss"]
[EventCountry "URU"]
[SourceTitle "playchess.com"]
[Source "ChessBase"]
[SourceQuality "1"]

{[%evp 15,34,9,14,9,47,22,43,39,38,42,54,12,9,4,22,21,20,0,0,-734,-730]} 1. e4 c6 2. d4 d5 3. exd5 cxd5 4. c4 Nf6 5. Nc3 g6 6. cxd5 Bg7 7. Bb5+ Nbd7 {[%cal Bb8d7,Bd7b6,Bb6c4][%mdl 32]} 8. d6 O-O 9. dxe7 {B14: Caro-Kann: Panov-Botvinnik Attack with 5...e6 and 5...g6.} Re8 10. Nge2 (10. Nf3 {is more complex.} Rxe7+ 11. Be2 Nb6 12. O-O Be6 13. Re1) 10... Rxe7 11. O-O {White is slightly better.} Nb6 12. Bg5 {[#]} h6 $146 ({Predecessor:} 12... a6 13. Bd3 h6 14. Bh4 Be6 15. Re1 Rd7 16. Qc2 Rc8 17. a3 Nbd5 18. Rad1 b5 {½-½ (41) Vavra,P (2390)-Mitura,V (2235) Czechia 1994}) 13. Bxf6 Bxf6 14. h3 Bd7 15. Bxd7 Rxd7 16. Qd2 Nc4 17. Qxh6 $2 {[%mdl 8192] [#]} (17. Qc2 $11) 17... Bg5 $1 {Accuracy: White = 72%, Black = 100%.} 0-1

[Event "IV Copa Marcel Duchamp 2020"]
[Site "Montevideo"]
[Date "2020.02.11"]
[Round "5.12"]
[White "Siddeley, Hugh"]
[Black "Lopez Azambuja, Nicolas"]
[Result "0-1"]
[WhiteElo "1974"]
[BlackElo "2310"]
[Annotator "TA"]
[PlyCount "78"]
[EventDate "2020.02.08"]
[EventType "swiss"]
[EventCountry "URU"]
[SourceTitle "playchess.com"]
[Source "ChessBase"]
[SourceQuality "1"]

{[%evp 9,78,-22,4,4,4,0,4,7,25,-7,7,1,6,4,13,15,39,35,47,28,15,13,26,47,28,0,7,0,0,0,-6,-2,-8,-7,0,0,0,-9,-8,-8,6,-37,20,-11,-4,-16,-7,-24,0,0,0,-11,1,-25,-19,-37,-35,-27,-33,-120,-121,-149,-144,-148,-152,-222,-227,-331,-332,-573,-559]} 1. d4 Nf6 2. Bf4 c5 3. e3 Nd5 4. dxc5 Nxf4 5. exf4 Qa5+ 6. c3 {A45: Trompowsky Attack.} Qxc5 {[#]} 7. Nd2 $146 ({Predecessor:} 7. Nf3 Nc6 8. Nbd2 Qf5 9. g3 b6 10. Be2 g6 11. O-O Bg7 12. Nb3 O-O 13. Nbd4 Nxd4 14. Nxd4 {0-1 (75) Ferry,R (2029)-Giffard,N (2350) Issy les Moulineaux 2013}) 7... Qc7 8. g3 {The position is equal.} d6 9. Bd3 g6 10. h4 Bg7 11. h5 Nd7 12. h6 Bf8 13. Ngf3 Nf6 14. Qa4+ Bd7 15. Qd4 Qb6 16. Qxb6 axb6 {[%cal Ba7b6,Bb6b5][%mdl 32]} 17. Nc4 Bc6 18. Ke2 b5 19. Na3 {[%cal Bc4a3,Ba3c2,Bc2e3][%mdl 32]} Ra5 {White should prevent ...e5!} 20. Rh4 Nd5 21. Nc2 e6 22. a3 Be7 23. Rh2 O-O 24. Rd1 Rd8 25. Ne3 Bf6 ({Black should play} 25... Nb6 $15) 26. Bc2 Nb6 27. Bb3 Na4 28. Rd2 Nc5 29. Bc2 Raa8 30. Nd4 Be8 31. Nb3 Na4 $36 {[%mdl 2048] Black fights for an advantage.} 32. Be4 Bc6 33. f3 Nb6 34. g4 ({Better is} 34. Nd4 $15) 34... Nc4 $17 35. Rc2 d5 36. Bd3 e5 37. fxe5 (37. g5 $17 Re8 38. Nxc4 bxc4 39. gxf6) 37... Bxe5 $19 38. Rh3 (38. Rg2 {was worth a try.}) 38... Re8 {aiming for ...Bf4.} 39. Bxc4 $2 {[#]} (39. Kf2 {was necessary.} Nxe3 40. Kxe3) 39... Bf4 {[%mdl 64] Discovered Attack. Accuracy: White = 65%, Black = 97%.} 0-1